Didier Drogba quiz - Statistics

General Stats
  • This quiz has been taken 12 times
  • The average score is 6 of 20
Answer Stats
Hint Answer % Correct
How old was Drogba when he first signed for Chelsea 26
100%
Who provided the assist for Drogba’s equalizer in the 2012 UCL final Juan Mata
63%
Which shoe brand sponsored Drogba during most of his career Nike
63%
Which MLS club did Drogba play for before retiring Montreal Impact
50%
How many Champions League goals did Drogba score for Chelsea 36
38%
How many assists did Drogba record in the Premier League 55
38%
How many goals did Drogba score in his entire Chelsea career 164
25%
How many goals did Drogba score for the Ivory Coast national team 65
25%
Drogba’s call for peace led to fighting ceasing in which region of Ivory Coast Bouaké
25%
Which club did Drogba face in his final competitive match for Chelsea Sunderland
25%
Which club did Drogba score his first Premier League hat-trick against Watford
25%
Who was Drogba’s main strike partner during the 2006 World Cup Aruna Dindane
13%
Drogba scored a hat-trick on his home debut for Montreal against which team Chicago Fire
13%
In 2021, Drogba received an honorary doctorate from which UK university De Montfort University
13%
Who was Drogba’s coach at the 2006 World Cup Henri Michel
13%
Which famous African president praised Drogba for his role in uniting the Ivory Coast Laurent Gbagbo
13%
Against which team did Drogba score his last ever Chelsea goal Leicester City
13%
At which club did Drogba make his professional debut Le Mans
13%
Which club was Drogba’s first Chelsea goal in Europe against Paris Saint-Germain
13%
Drogba scored his 100th Chelsea goal against which team Stoke City
13%
No matching quizzes found
Score Distribution
Percent of People with Each Score
Percentile by Number Answered
Your Score History
You have not taken this quiz